00641nam a22001577a 450000500170000000800410001702000220005805000210008010000160010124500730011726000600019030000190025050000500026965001440031970000200046320260401095404.0260401b |||||||| |||| 00| 0 eng d a978-93-50250-17-4 aR 850 .D 37 2010 aDAS, RANJAN aBIOMEDICAL RESEARCH METHODOLOGY: INCLUDING BIOSTATISCAL APPLICATIONS aNEW DELHI,bJAYPEE BROTHERS MEDICAL PUBLISHERS (P) LTD  aXX, 238 P, ILL aINCLUDES BIBLIOGRAPHICAL REFERENCES AND INDEX a1.Medical research-Methodology-Textbooks 2. Biostatistics-Textbooks 3 .Biomedical sciences-Research-Textbooks 4. Research design-Textbooks aDAS PN, AK SOOD